| 000 | 00651nam a2200229Ia 4500 | ||
|---|---|---|---|
| 003 | OSt | ||
| 005 | 20220925231958.0 | ||
| 006 | a|||||r|||| 00| 0 | ||
| 007 | ta | ||
| 008 | 220923b |||||||| |||| 00| 0 eng d | ||
| 037 | _cGeneral Book | ||
| 040 |
_aRTL _cRTL _beng |
||
| 041 |
_2eng _aeng |
||
| 082 | _aV237,6:91.N7, L8 | ||
| 100 |
_aNarain Iqbal _9296506 |
||
| 245 | 0 |
_aLinkage elite and elections _b A study of the role o |
|
| 260 |
_aMeerut _bMeenakashi _c1978 |
||
| 300 |
_ai, 172p _ccm. |
||
| 650 | _aHistory of Rajasthan | ||
| 942 |
_hV237,6:91.N7, L8 _cGB _2CC |
||
| 999 |
_c589994 _d589994 |
||